LEADER 01186nam 2200421 450 001 9910480789003321 010 $a1-55138-935-5 035 $a(CKB)4100000007519955 035 $a(MiAaPQ)EBC5630691 035 $a(EXLCZ)994100000007519955 100 $a20190201d2018 uy 0 101 0 $aeng 135 $aurcnu|||||||| 181 $ctxt$2rdacontent 182 $cc$2rdamedia 183 $acr$2rdacarrier 200 10$aAsking better questions $eteaching and learning for a changing world /$fJuliana Saxton [and three others] 205 $aThird edition. 210 1$aMarkham, Ontario :$cPembroke Publishers Limited,$d[2018] 210 4$dİ2018 215 $a1 online resource (129 pages) $cillustrations 311 $a1-55138-335-7 606 $aQuestioning 606 $aTeaching 606 $aLearning 608 $aElectronic books. 615 0$aQuestioning. 615 0$aTeaching. 615 0$aLearning. 676 $a371.37 700 $aSaxton$b Juliana$0846972 801 0$bMiAaPQ 801 1$bMiAaPQ 801 2$bMiAaPQ 906 $aBOOK 912 $a9910480789003321 996 $aAsking better questions$91892082 997 $aUNINA LEADER 01297nam 2200337 n 450 001 996390711603316 005 20200818224238.0 035 $a(CKB)4940000000100899 035 $a(EEBO)2240866323 035 $a(UnM)99835918e 035 $a(UnM)99835918 035 $a(EXLCZ)994940000000100899 100 $a19900816d1617 uy | 101 0 $aeng 135 $aurbn||||a|bb| 200 00$aCertaine comfortable sermons vpon the CXXIV. Psalme$b[electronic resource] $eTending to stirre vp thankefulnesse for our deliuerance from the late Gunpowder-treason: preached before the Lady Elizabeth her Grace, at Combe: by Daniel Dike, preacher of the Word of God. Seene and allowed 210 $aLondon $cPrinted by William Stansby, for Henry Fetherstone, dwelling in Pauls Church-yard at the signe of the Rose$d1617 215 $a[14], 98 p 300 $aReproduction of the original in the Bodleian Library. 330 $aeebo-0014 606 $aSermons, English$y17th century 615 0$aSermons, English 700 $aDyke$b Daniel$fd. 1614.$01004969 801 0$bCu-RivES 801 1$bCu-RivES 801 2$bCStRLIN 801 2$bWaOLN 906 $aBOOK 912 $a996390711603316 996 $aCertaine comfortable sermons vpon the CXXIV. Psalme$92404056 997 $aUNISA LEADER 01931oam 2200529 a 450 001 9910701733503321 005 20120502105019.0 035 $a(CKB)5470000002420765 035 $a(OCoLC)792943550 035 $a(EXLCZ)995470000002420765 100 $a20120502d1985 ua 0 101 0 $aeng 135 $aurbn||||||||| 181 $ctxt$2rdacontent 182 $cc$2rdamedia 183 $acr$2rdacarrier 200 10$aPrediction of sound fields in acoustical cavities using the boundary element method$b[electronic resource] /$fCarl R. Kipp 210 1$aWest Lafayette, Ind. :$cRay W. Herrick Laboratories, School of Mechanical Engineering, Purdue University ;$a[Washington, DC]:$c[National Aeronautics and Space Administration],$d[1985] 215 $a1 online resource (vii, 149 pages) $cillustrations 225 1 $a[NASA contractor report] ;$vNASA CR-176295 300 $aTitle from title screen (viewed on May 2, 2012). 300 $a"August, 1985." 320 $aIncludes bibliographical references (pages 145-149). 606 $aAcoustic sounding$2nasat 606 $aBoundaries$2nasat 606 $aBoundary element method$2nasat 606 $aCavities$2nasat 606 $aPoint sources$2nasat 606 $aPressure distribution$2nasat 606 $aSound fields$2nasat 615 7$aAcoustic sounding. 615 7$aBoundaries. 615 7$aBoundary element method. 615 7$aCavities. 615 7$aPoint sources. 615 7$aPressure distribution. 615 7$aSound fields. 700 $aKipp$b Carl R$01403530 712 02$aRay W. Herrick Laboratories. 712 02$aUnited States.$bNational Aeronautics and Space Administration. 801 0$bGPO 801 1$bGPO 801 2$bGPO 906 $aBOOK 912 $a9910701733503321 996 $aPrediction of sound fields in acoustical cavities using the boundary element method$93476424 997 $aUNINA